[Event "EU-ch (Women) 5th"]
[Site "Dresden"]
[Date "2004.04.01"]
[Round "11"]
[White "Mammadova, Nargiz"]
[Black "Dragomirescu, Angela"]
[Result "0-1"]
[WhiteElo "2104"]
[BlackElo "2288"]
[PlyCount "102"]
[EventDate "2004.03.21"]
[EventType "swiss"]
[EventRounds "12"]
[EventCountry "GER"]
[SourceTitle "CBM 099 Extra"]
[Source "ChessBase"]
[SourceDate "2004.05.04"]
[SourceVersion "1"]
[SourceVersionDate "2004.05.04"]
[SourceQuality "1"]

1. Nf3 d5 2. c4 c6 3. b3 Bg4 4. g3 Nd7 5. Bg2 Ngf6 6. Bb2 e6 7. 0-0 Be7 8. d3 0-0 9. Nbd2 a5 10. a3 Re8 11. Qc2 Bf8 12. Rfe1 e5 13. e4 dxe4 14. dxe4 Qb6 15. Bc3 Bc5 16. Nf1 Bxf3 17. Bxf3 Nf8 18. Qb2 Ne6 19. b4 axb4 20. axb4 Bd4 21. c5 Qc7 22. Ne3 Rxa1 23. Qxa1 Ng5 24. Bg2 Bxc3 25. Qxc3 Ngxe4 26. Qc2 Ng5 27. Nc4 e4 28. h4 Nf3+ 29. Bxf3 exf3 30. Rxe8+ Nxe8 31. Qe4 Nf6 32. Qxf3 Nd5 33. Nd6 Qe7 34. b5 g6 35. h5 Kg7 36. Kg2 f5 37. Qb3 Qe2 38. bxc6 bxc6 39. Qb7+ Kh6 40. Nxf5+ Kg5 41. hxg6 hxg6 42. Qxc6 Qe4+ 43. Kh2 Qxf5 44. f4+ Kg4 45. Qa4 Qb1 46. f5+ Kf3 47. fxg6 Qb2+ 48. Kh3 Qg2+ 49. Kh4 Qxg3+ 50. Kh5 Nf4+ 51. Qxf4+ Kxf4 0-1

[Event "EU-ch (Women) 5th"]
[Site "Dresden"]
[Date "2004.03.25"]
[Round "5"]
[White "Olarasu, Gabriela"]
[Black "Mammadova, Nargiz"]
[Result "1-0"]
[WhiteElo "2311"]
[BlackElo "2104"]
[PlyCount "71"]
[EventDate "2004.03.21"]
[EventType "swiss"]
[EventRounds "12"]
[EventCountry "GER"]
[SourceTitle "CBM 099 Extra"]
[Source "ChessBase"]
[SourceDate "2004.05.04"]
[SourceVersion "1"]
[SourceVersionDate "2004.05.04"]
[SourceQuality "1"]

1. d4 Nf6 2. Nf3 d6 3. g3 g6 4. b3 Bg7 5. Bb2 0-0 6. Bg2 Nc6 7. 0-0 a6 8. d5 Na5 9. c4 Rb8 10. e4 c5 11. e5 Nd7 12. Qe2 b5 13. cxb5 axb5 14. e6 Nf6 15. exf7+ Rxf7 16. Ng5 Rf8 17. Ne6 Bxe6 18. Qxe6+ Rf7 19. Nd2 Qc7 20. Nf3 Nb7 21. Ng5 Nd8 22. Qh3 c4 23. bxc4 Qxc4 24. Rac1 Qe2 25. Nxf7 Qxb2 26. Nxd8 Rxd8 27. Qe6+ Kf8 28. Rc8 Rxc8 29. Qxc8+ Kf7 30. Re1 Ng8 31. Bh3 Bf8 32. Be6+ Kg7 33. Bxg8 Kxg8 34. Rxe7 Qd4 35. Qe6+ Kh8 36. Rf7 1-0

[Event "EU-ch (Women) 5th"]
[Site "Dresden"]
[Date "2004.03.21"]
[Round "1"]
[White "Houska, Jovanka"]
[Black "Mammadova, Nargiz"]
[Result "1/2-1/2"]
[WhiteElo "2370"]
[BlackElo "2104"]
[PlyCount "126"]
[EventDate "2004.03.21"]
[EventType "swiss"]
[EventRounds "12"]
[EventCountry "GER"]
[SourceTitle "CBM 099 Extra"]
[Source "ChessBase"]
[SourceDate "2004.05.04"]
[SourceVersion "1"]
[SourceVersionDate "2004.05.04"]
[SourceQuality "1"]

1. e4 c5 2. Nc3 Nc6 3. g3 g6 4. Bg2 Bg7 5. d3 d6 6. Be3 e6 7. Qd2 Rb8 8. Nge2 Nd4 9. 0-0 Ne7 10. Nc1 0-0 11. Nd1 b5 12. c3 Ndc6 13. Bh6 Qb6 14. Bxg7 Kxg7 15. Ne3 b4 16. Nb3 a5 17. Qc2 Ba6 18. Rfd1 Ne5 19. Nc1 Rfd8 20. a3 d5 21. exd5 exd5 22. axb4 axb4 23. d4 cxd4 24. cxd4 Nc4 25. Nb3 Nxe3 26. fxe3 Bc8 27. Qc5 Nf5 28. Re1 Be6 29. Ra7 Nd6 30. Qxb6 Rxb6 31. Nc5 Nc8 32. Rc7 Kg8 33. Ra1 Nd6 34. Nxe6 fxe6 35. Raa7 Nf5 36. Bh3 Nxe3 37. Rg7+ Kh8 38. Rxh7+ Kg8 39. Rag7+ Kf8 40. Rxg6 Re8 41. Kf2 Nd1+ 42. Ke2 Nxb2 43. Rh8+ Kf7 44. Rxe8 Kxg6 45. Rxe6+ Rxe6+ 46. Bxe6 Na4 47. Kd3 Nc3 48. Bg4 Kg5 49. Bf3 Kf5 50. Kc2 Nb5 51. Bxd5 Nxd4+ 52. Kd3 Ke5 53. Bg8 Nf3 54. h4 Nxh4 55. gxh4 Kf6 56. Ke4 Kg7 57. Bb3 Kg6 58. Kf4 Kh5 59. Kg3 Kh6 60. Kg4 Kg6 61. Bc2+ Kg7 62. Kg5 b3 63. Bb1 b2 1/2-1/2

[Event "Wch U20 Girls"]
[Site "Nakhchivan"]
[Date "2003.07.02"]
[Round "10"]
[White "Umudova, Nargiz"]
[Black "Mammadova, Nargiz"]
[Result "1/2-1/2"]
[WhiteElo "1922"]
[BlackElo "2122"]
[PlyCount "20"]
[EventDate "2003.06.22"]
[EventType "swiss"]
[EventRounds "11"]
[EventCountry "AZE"]
[SourceTitle "EXT 2004"]
[Source "ChessBase"]
[SourceDate "2003.11.25"]
[SourceVersion "1"]
[SourceVersionDate "2003.11.25"]
[SourceQuality "1"]

1. e4 e5 2. Nf3 Nf6 3. Nxe5 d6 4. Nf3 Nxe4 5. d4 d5 6. Bd3 Bd6 7. 0-0 0-0 8. c4 c6 9. Re1 Re8 10. Nc3 Nxc3 1/2-1/2

[Event "EU-ch U20 Girls"]
[Site "Baku"]
[Date "2002.07.15"]
[Round "2"]
[White "Ismailova, Aytaj"]
[Black "Mammadova, Nargiz"]
[Result "1-0"]
[WhiteElo "2157"]
[BlackElo "2058"]
[PlyCount "157"]
[EventDate "2002.07.14"]
[EventType "swiss"]
[EventRounds "11"]
[EventCountry "AZE"]
[SourceTitle "CBM 089 Extra"]
[Source "ChessBase"]
[SourceDate "2002.09.10"]
[SourceVersion "2"]
[SourceVersionDate "2002.09.10"]
[SourceQuality "1"]

1. e4 c5 2. Nf3 d6 3. d4 cxd4 4. Nxd4 Nf6 5. Nc3 e6 6. Bg5 Be7 7. Qf3 Bd7 8. 0-0-0 0-0 9. Kb1 Nc6 10. Be2 a6 11. Nb3 b5 12. Bxf6 Bxf6 13. Rxd6 Ne5 14. Qg3 b4 15. Nd1 a5 16. f4 Ng6 17. Ne3 Be7 18. Rd2 a4 19. Nd4 Qc7 20. e5 a3 21. b3 Bc5 22. Nc4 Ne7 23. Bf3 Rac8 24. Be4 Nd5 25. Re1 g6 26. Rd3 Qa7 27. Qf2 Rfd8 28. Qd2 Be8 29. Nf3 Bc6 30. Bxd5 Rxd5 31. Rxd5 Bxd5 32. Ne3 Rd8 33. Nxd5 Rxd5 34. Qe2 Qd7 35. Kc1 Bb6 36. Nd2 Rd4 37. Ne4 Kg7 38. g3 Qc6 39. Kb1 Rd8 40. Qf3 Qd5 41. Qe2 Qd4 42. c4 bxc3 43. Kc2 Qd5 44. Rd1 Bd4 45. Nf6 Qc6 46. Qe4 Qb6 47. Qd3 Qc6 48. Qe4 Qb6 49. Qe2 Qc6 50. Ne4 Qd5 51. Ng5 Qc6 52. Qe4 Qb6 53. Qg2 Be3 54. Rxd8 Qxd8 55. Qe2 Qb6 56. Ne4 Qa7 57. Nf6 Bd2 58. Ne4 Be3 59. Nd6 Bc5 60. Ne4 Be3 61. Qd3 Bg1 62. h3 Bd4 63. Nd6 Qc5 64. Qc4 Qb6 65. Qb5 Qxb5 66. Nxb5 Bf2 67. Nxc3 Bxg3 68. Ne2 Bf2 69. b4 g5 70. Kb3 Kg6 71. Kxa3 Kf5 72. fxg5 Kxe5 73. b5 Kd6 74. Kb4 Kc7 75. Nc3 Be1 76. Kc4 Bf2 77. Ne4 Be1 78. Nf6 Bd2 79. Nxh7 1-0

[Event "EU-ch U20 Girls"]
[Site "Baku"]
[Date "2002.07.??"]
[Round "9"]
[White "Dzagnidze, Nana"]
[Black "Mammadova, Nargiz"]
[Result "0-1"]
[WhiteElo "2281"]
[BlackElo "2058"]
[PlyCount "112"]
[EventDate "2002.07.14"]
[EventType "swiss"]
[EventRounds "11"]
[EventCountry "AZE"]
[SourceTitle "CBM 089 Extra"]
[Source "ChessBase"]
[SourceDate "2002.09.10"]
[SourceVersion "2"]
[SourceVersionDate "2002.09.10"]
[SourceQuality "1"]

1. d4 Nf6 2. c4 g6 3. Nc3 Bg7 4. e4 d6 5. Be2 0-0 6. Bg5 c5 7. d5 h6 8. Be3 e6 9. Qd2 exd5 10. cxd5 Kh7 11. f3 Re8 12. g4 Nbd7 13. h4 h5 14. g5 Ng8 15. Nh3 a6 16. a4 Rb8 17. Nf2 Qa5 18. 0-0 Qd8 19. f4 Qe7 20. Rae1 b5 21. axb5 axb5 22. Nxb5 Ba6 23. Nc3 Bxe2 24. Qxe2 Rb3 25. Nfd1 Reb8 26. e5 dxe5 27. f5 R8b4 28. f6 Ngxf6 29. gxf6 Nxf6 30. Rxf6 Qxf6 31. Bg5 Qf5 32. Kh2 Qg4 33. Qxg4 Rxg4 34. Ne4 f5 35. Nf6+ Bxf6 36. Bxf6 Rd3 37. Bxe5 Rxh4+ 38. Kg2 Rg4+ 39. Kf2 Rxd5 40. Bc3 Re4 41. Rh1 Rd3 42. Kg2 Rg4+ 43. Kf2 Re4 44. Kg2 h4 45. Nf2 Rg3+ 46. Kf1 Ra4 47. Ke2 g5 48. Rd1 Ra6 49. Rd5 Re6+ 50. Kf1 h3 51. Rd8 g4 52. Rc8 Rf3 53. Kg1 Re2 54. Rc7+ Kg8 55. Rc8+ Kf7 56. Rc7+ Ke8 0-1

[Event "Black Sea Countries-ch (Women)"]
[Site "Batumi"]
[Date "2000.05.15"]
[Round "2"]
[White "Mkrtchian, Lilit"]
[Black "Mammadova, Nargiz"]
[Result "1-0"]
[WhiteElo "2277"]
[BlackElo "2211"]
[PlyCount "104"]
[EventDate "2000.05.??"]
[EventType "swiss"]
[EventRounds "9"]
[EventCountry "GEO"]
[SourceTitle "EXT 2004"]
[Source "ChessBase"]
[SourceDate "2003.11.25"]
[SourceVersion "1"]
[SourceVersionDate "2003.11.25"]
[SourceQuality "1"]

1. e4 c5 2. Nf3 d6 3. d4 cxd4 4. Nxd4 Nf6 5. Nc3 e6 6. f4 a6 7. Qf3 Qb6 8. Nb3 Qc7 9. g4 b5 10. g5 Nfd7 11. a3 Bb7 12. Be3 Nc6 13. Bd3 g6 14. h4 Nb6 15. h5 Rg8 16. hxg6 hxg6 17. Qf2 Nd7 18. Rh7 Rg7 19. Rh8 0-0-0 20. 0-0-0 Be7 21. Rdh1 Rgg8 22. R8h7 Rdf8 23. R1h3 Na5 24. Nd4 Nc5 25. Kb1 Nc6 26. Nxc6 Bxc6 27. Qd2 Qd8 28. Qh2 d5 29. exd5 Bxd5 30. Nxd5 Qxd5 31. Bxc5 Bxc5 32. Qe2 Bd6 33. Be4 Qd4 34. Rd3 Qg1+ 35. Rd1 Qc5 36. Rh3 Bc7 37. Rc3 Qa7 38. Rd6 Rd8 39. Rdc6 Rd7 40. a4 Qg1+ 41. Ka2 Kd8 42. Rxa6 Ke7 43. Qxb5 Rb8 44. Qc4 Bd6 45. Rxd6 Kxd6 46. Rd3+ Ke7 47. Rxd7+ Kxd7 48. Qc6+ Kd8 49. Qd6+ Kc8 50. Qc6+ Kd8 51. Qd6+ Kc8 52. Bc6 Rxb2+ 1-0